000 04010cam a22002535a 4500
001 L153237
008 110627s2008 xxk f 000 0 eng d
020 _a9781402082290
035 _a(Sirsi) u153237
041 0 _aeng
100 1 _aClini, Corrado
245 0 0 _aSustainable development and environmental management
_bexperiences and case studies
_h[electronic resource]
260 _bSpringer Verlag
_c2008
300 _aeBook
505 2 _aThe European Way to Sustainable Development -- I. Sustainable development policies -- Integrated Environmental Policy in the European Union -- The Role of Legal Principles for Environmental Management -- Valuation of Sustainable Development Policies: Social Multi-criteria Evaluation -- II. Water management -- II.1. Water resource management and policy -- The Groundwater Challenge -- Water Services and Water Policy in Italy -- II.2. Water quality control -- Water Quality Control -- New Approaches to Wastewater Treatment Plants in Italy -- Integrated Policy Approach to Water Supply Management: A Venetian Project III. Air quality control -- Monitoring Air Quality in Urban Areas -- Sustainable Mobility: Mitigation of Traffic Originated Pollution -- IV. Waste management -- Integrated Waste Management. Technologies and Environmental Control -- Economic Analysis of Waste Management Systems in Europe -- Hospital Waste Management -- V. Energy efficiency and renewables -- V.1. Renewable resources -- Solar Energy -- Geothermal Energy -- Renewable Energy from Biomass: Solid Biofuels and Bioenergy Technologies -- Wind Energy -- Power Electronics in Distributed Power-- V.2. Eco-building -- Energy Optimization of a Building-plant System -- The Sino-Italian Environment & Energy Building (SIEEB): A Model for a New Generation of Sustainable Buildings -- V.3. Energy policy -- New Policy Schemes to Promote End-use Energy Efficiency in the European Union -- Subsidies and Market Mechanisms in Energy Policy -- CDM ? A Policy to Foster Sustainable Development? -- VI. Sustainable industrial development -- Industrial Ecology in a Developing Context -- Strategic Environmental Assessment (SEA): Integration and Synergy with EMAS Management Systems on the Territory -- VII. Sustainable urban development -- General Aspects of Sustainable Urban Development (SUD) -- A New Perspective for the Future: Environmental Protection and Sustainability in Urban Planning -- Brownfields Remediation and Reuse: An Opportunity for Urban Sustainable Development -- VIII. Agriculture and natural resource management -- Ecological Agriculture: Human and Social Context -- Sustainable Agriculture in the Frame of Sustainable Development: Cooperation between China and Italy -- Economics and Policy of Biodiversity Loss -- Forestry and Rural Development: Global Trends and Applications to the Sino-Italian Context
520 _aThis eBook presents the new EU approach to environmental management and its attempt to place it in the perspective of sustainable development. China and other large and fast growing economies are putting increasing pressures on global environment, but they are also looking at the European experience with great interest. To present critically this experience can help those countries avoid the mistakes made by developed countries in dealing with the relation between economic growth and environmental protection, and to improve the institutions and tools for better environmental governance. The variety of issues covered and the wide approach used in this book make it a useful tool for readers who want to place themselves in this perspective, although starting from different backgrounds and levels of knowledge on environmental and sustainability sciences.
650 2 4 _aEBOOK
651 4 _aENGLAND AND WALES
690 _aDEVELOPMENT-SUSTAINABLE
700 1 _aMuzu, Ignazio
700 1 _aGullino, Maria Lodovica
856 4 0 _uhttps://www.vlebooks.com/
_zView on VLEbooks. Logins for members only from [email protected]
942 _n0
999 _c112430
_d112430